000 00550nam a22001817a 4500
999 _c525781
_d525781
003 NUST
020 _a978-969-593-150-9
_qHB/K
038 _aFaiza
082 _a891.491101
_bNOO
100 _aNoor, Rukhsana
_916726
245 _aAa Piyar Dil main Jaga /
_cRukhsana Noor
260 _aLahore :
_bSanjh Publications,
_c2015.
300 _a153 p. ;
880 _6100-01\r
_aرخسانہ نور
880 _6245-02\r
_aآ پیاردل میں جگا /
880 _6260-03\r
_aلاہور :
_bسانجھ پبلیکیشنز,
_c۲۰۱۵.
942 _2ddc
_cBK